[Event "RSA-chT U16"]
[Site "Cape Town"]
[Date "2016.01.06"]
[Round "6.5"]
[White "Flores Bartoli, Andrew"]
[Black "Siyabonga, Mogale"]
[Result "1/2-1/2"]
[WhiteElo "1550"]
[BlackElo "1170"]
[PlyCount "40"]
[EventDate "2016.01.04"]
[EventType "team-tourn"]
[EventRounds "7"]
[EventCountry "RSA"]
[SourceTitle "CBM 170 Extra"]
[Source "ChessBase"]
[SourceDate "2016.02.25"]
[SourceVersion "1"]
[SourceVersionDate "2016.02.25"]
[SourceQuality "1"]
[WhiteTeam "Western Province"]
[BlackTeam "Kenneth Kaunda"]
[WhiteTeamCountry "RSA"]
[BlackTeamCountry "RSA"]

1. e4 e5 2. Nf3 Nc6 3. Nc3 Nf6 4. Bc4 Bc5 5. d3 h6 6. 0-0 d6 7. Qe2 Na5 8. Bb3 Nxb3 9. axb3 Bd7 10. Be3 Bb6 11. d4 exd4 12. Bxd4 Bxd4 13. Nxd4 0-0 14. Qd3 Re8 15. Nf3 Bc6 16. Rfe1 Qd7 17. Rad1 Rad8 18. Nd5 Nxd5 19. exd5 Bb5 20. c4 Ba6 1/2-1/2

[Event "RSA-chT U16"]
[Site "Cape Town"]
[Date "2016.01.04"]
[Round "1.5"]
[White "Dinham, Megan"]
[Black "Siyabonga, Mogale"]
[Result "0-1"]
[WhiteElo "1098"]
[BlackElo "1170"]
[PlyCount "148"]
[EventDate "2016.01.04"]
[EventType "team-tourn"]
[EventRounds "7"]
[EventCountry "RSA"]
[SourceTitle "CBM 170 Extra"]
[Source "ChessBase"]
[SourceDate "2016.02.25"]
[SourceVersion "1"]
[SourceVersionDate "2016.02.25"]
[SourceQuality "1"]
[WhiteTeam "Ekurhuleni"]
[BlackTeam "Kenneth Kaunda"]
[WhiteTeamCountry "RSA"]
[BlackTeamCountry "RSA"]

1. e4 e5 2. Nf3 Nc6 3. Bc4 Nf6 4. Nc3 Bc5 5. 0-0 0-0 6. d3 h6 7. Re1 d6 8. h3 a6 9. Be3 Bxe3 10. fxe3 Na5 11. Bb3 Nxb3 12. axb3 b6 13. d4 exd4 14. exd4 Bb7 15. Qe2 Re8 16. Rad1 Nxe4 17. Nxe4 Rxe4 18. Qd3 Qe7 19. Rxe4 Qxe4 20. Qxe4 Bxe4 21. c4 Bxf3 22. gxf3 Re8 23. Kf2 g5 24. Rd3 Kg7 25. Re3 Rxe3 26. Kxe3 Kf6 27. Ke4 c6 28. b4 Kg6 29. b5 f5+ 30. Ke3 axb5 31. cxb5 cxb5 32. f4 d5 33. b4 g4 34. Kf2 Kh5 35. Kg3 Kg6 36. Kh4 Kf6 37. Kg3 Kg7 38. Kh2 Kg6 39. Kg2 Kh5 40. Kg3 Kg6 41. Kh4 Kf6 42. Kg3 Kg7 43. Kg2 Kg6 44. Kh2 Kf6 45. Kg3 Kg7 46. Kg2 Kg6 47. Kh2 Kf6 48. Kg2 Kg6 49. Kh2 Kh5 50. Kg3 Kg6 51. Kh4 Kf6 52. Kg3 Kg7 53. Kg2 Kg6 54. Kh2 Kg7 55. Kg2 Kf7 56. Kh2 Kf6 57. Kg2 Ke6 58. Kg3 Kd6 59. Kh4 Kc6 60. hxg4 fxg4 61. Kxg4 Kd6 62. f5 Ke7 63. Kf4 Kf6 64. Kg4 h5+ 65. Kf4 h4 66. Kg4 h3 67. Kxh3 Kxf5 68. Kg3 Ke4 69. Kf2 Kxd4 70. Ke2 Kc4 71. Ke3 Kxb4 72. Kd4 Ka3 73. Kxd5 b4 74. Kc6 b3 0-1